| 000 | 00589nam a22001937a 4500 | ||
|---|---|---|---|
| 005 | 20251216104358.0 | ||
| 010 | _aENG-147299 | ||
| 020 |
_a9789389934915 _c950.00 |
||
| 035 | _aEN-130831 | ||
| 037 | _bDBAD | ||
| 082 |
_a649.1 _21 |
||
| 100 |
_aPatel, Mukti _986100 |
||
| 245 |
_aAttrition of Teachers in Private Schools: Problems Causes and Remedies/ _cMukti Patel |
||
| 250 | _a1 | ||
| 260 |
_aNew Delhi _bAllied Publishers Pvt Ltd. _c2025 |
||
| 270 |
_aA-104, Mayapuri, Phase-II _bNew Delhi _e110064 |
||
| 300 |
_a326p. _c24cm.(pb) |
||
| 942 |
_2ddc _cEN _h649.1 _mPAT |
||
| 999 |
_c213933 _d213933 |
||